00341nam a22000857a 4500008004100000082001500041245015900056260002900215300001100244230609b xxu||||| |||| 00| 0 eng d a352.4bKEN a2010/2011 Supplementary Estimates (Recurrent Expenditure)bEstimate of Further Sums Required to be Voted for the Service of the Year Ending 30th June,2011 aNairobi,KenyabGOKc2011 aV,393p